Villes les plus proches de Buenos Aires - Statistiques

Statistiques générales
  • Ce quiz a été pris 35 fois
  • Le résultat moyen est 9 sur 20
Statistiques - réponses
km ville % Correct
1969 Rio de Janeiro
97%
1140 Santiago
91%
206 Montevideo
88%
1677 São Paulo
88%
2238 La Paz
81%
2343 Brasília
75%
1043 Asunción
72%
649 Córdoba
47%
2166 Belo Horizonte
44%
279 Rosario
44%
844 Porto Alegre
38%
986 Mendoza
34%
1235 Valparaíso
28%
1346 Curitiba
22%
1705 Campinas
13%
1928 Santa Cruz
13%
1347 Concepción
9%
2192 Goiânia
9%
2385 Vitória
9%
2062 Cochabamba
6%
Aucun quiz correspondant
Distribution des résultats
% des personnes avec chaque résultat
Percentile par nombre de réponses
Votre historique - résultats
Vous n’avez pas pris ce quiz